[Event "Team B15 chess final 2018"]
[Site "Sochi"]
[Date "2018.05.03"]
[Round "3.3"]
[White "Minachev, Maksim"]
[Black "Ter-Saakian, Grigorii"]
[Result "1-0"]
[WhiteElo "2026"]
[BlackElo "2066"]
[PlyCount "107"]
[EventDate "2018.05.01"]

1. e4 e6 2. d4 d5 3. e5 c5 4. c3 Nc6 5. Nf3 Bd7 6. Be2 Nge7 7. Na3 cxd4 8. cxd4
Nf5 9. Nc2 Qb6 10. O-O Be7 11. g4 Nh4 12. Nxh4 Bxh4 13. f4 Be7 14. Be3 g6 15.
Rb1 Nb4 16. Nxb4 Qxb4 17. a3 Qa4 18. Qd2 h5 19. gxh5 gxh5 20. Kh1 Bb5 21. f5
Bxe2 22. Qxe2 O-O-O 23. f6 Bf8 24. Qd2 Kb8 25. Rfc1 Rg8 26. Rc3 Rc8 27. Rbc1
Rxc3 28. Qxc3 Qd7 29. Qd3 Rg6 30. Rg1 Rxg1+ 31. Kxg1 Qa4 32. Kf2 b5 33. Kg3 b4
34. axb4 Qxb4 35. Qe2 Qb3 36. Kh4 a5 37. Kxh5 a4 38. Kg4 a3 39. bxa3 Qb1 40.
Qf3 Bxa3 41. h4 Bc1 42. Bxc1 Qxc1 43. Qd3 Qc8 44. Kg5 Qh8 45. h5 Ka8 46. Qa6+
Kb8 47. Qd3 Ka8 48. h6 Qg8+ 49. Kh4 Qg2 50. h7 Qh2+ 51. Qh3 Qf2+ 52. Kh5 Qe2+
53. Kh6 Qe3+ 54. Qxe3 1-0

[Event "Team B15 chess final 2018"]
[Site "Sochi"]
[Date "2018.05.03"]
[Round "3.4"]
[White "Chertkov, Maksim"]
[Black "Babakekhyan, Artem"]
[Result "0-1"]
[WhiteElo "1586"]
[BlackElo "2042"]
[PlyCount "88"]
[EventDate "2018.05.01"]

1. e4 c5 2. Nf3 Nf6 3. Nc3 Nc6 4. d4 cxd4 5. Nxd4 g6 6. Be3 Bg7 7. Nxc6 bxc6 8.
e5 Ng8 9. Bd4 Qa5 10. e6 Nf6 11. exd7+ Bxd7 12. Bc4 O-O 13. O-O Rad8 14. Qe1
Bf5 15. Bxf6 Bxf6 16. Ne4 Qxe1 17. Nxf6+ Kg7 18. Rfxe1 Kxf6 19. Re2 Rd4 20. Bb3
Rfd8 21. Rae1 e6 22. f3 h5 23. h3 g5 24. g4 Bg6 25. Kf2 hxg4 26. hxg4 c5 27.
Kg3 Rd2 28. Kf2 R8d4 29. Ke3 Rd1 30. Rxd1 Rxd1 31. Rh2 Ke5 32. Re2 Rd4 33. c3
Rd3+ 34. Kf2+ Kf4 35. Bxe6 Rxf3+ 36. Kg2 fxe6 37. Rxe6 Be4 38. Re7 Rg3+ 39. Kh2
Rg2+ 40. Kh3 Rxb2 41. Rxa7 Bg2+ 42. Kh2 Bf3+ 43. Kg1 Kg3 44. Rb7 Rxb7 0-1

[Event "Team B15 chess final 2018"]
[Site "Sochi"]
[Date "2018.05.03"]
[Round "3.1"]
[White "Kharitonov, Egor"]
[Black "Makarian, Rudik"]
[Result "1/2-1/2"]
[WhiteElo "2045"]
[BlackElo "2378"]
[PlyCount "90"]
[EventDate "2018.05.01"]

1. d4 Nf6 2. Nf3 e6 3. c4 b6 4. a3 Bb7 5. Nc3 d5 6. Bg5 Be7 7. Bxf6 Bxf6 8.
cxd5 exd5 9. Qb3 O-O 10. Rd1 c6 11. e3 Nd7 12. Bd3 Be7 13. O-O Nf6 14. Rfe1 Bd6
15. Bf1 Re8 16. g3 Qd7 17. Qc2 Rac8 18. Bg2 Bb8 19. Nd2 Rcd8 20. b4 h5 21. Nf3
Qe7 22. Ng5 g6 23. Qc1 Kg7 24. e4 Nxe4 25. Ngxe4 dxe4 26. Rxe4 Qf6 27. Rxe8
Rxe8 28. d5 cxd5 29. Nxd5 Qc6 30. Qxc6 Bxc6 31. Nc7 Bxc7 32. Bxc6 Re6 33. Bb5
Bd6 34. Ba6 Rf6 35. Kg2 h4 36. f4 hxg3 37. hxg3 Bc7 38. Bb5 Bd6 39. Ba6 Bc7 40.
Bb5 Rd6 41. Rxd6 Bxd6 42. Kf3 f5 43. g4 Kf6 44. Bc4 a5 45. bxa5 bxa5 1/2-1/2

[Event "Team B15 chess final 2018"]
[Site "Sochi"]
[Date "2018.05.03"]
[Round "3.2"]
[White "Zhuk, Kirill"]
[Black "Kuzmin, Roman"]
[Result "1/2-1/2"]
[WhiteElo "2002"]
[BlackElo "1950"]
[PlyCount "62"]
[EventDate "2018.05.01"]

1. e4 e5 2. Nf3 Nc6 3. Bc4 Nf6 4. d3 Bc5 5. Nc3 a6 6. h3 d6 7. a3 Be6 8. Bxe6
fxe6 9. Be3 Nd4 10. Bxd4 Bxd4 11. Nxd4 exd4 12. Ne2 e5 13. f4 Qe7 14. fxe5 dxe5
15. Qd2 O-O-O 16. O-O-O c5 17. Ng3 b5 18. Qa5 Kb7 19. Nf5 Qd7 20. Rhf1 Rc8 21.
Kb1 Rhf8 22. Rf3 Nh5 23. Rdf1 Nf4 24. R1f2 Rf6 25. Qd2 Rcf8 26. Qd1 Nh5 27. Nh4
Nf4 28. Nf5 Nh5 29. Nh4 Nf4 30. Nf5 Nh5 31. Nh4 Nf4 1/2-1/2

[Event "Team B15 chess final 2018"]
[Site "Sochi"]
[Date "2018.05.03"]
[Round "3.3"]
[White "Garifullina, Leya"]
[Black "Zakirov, Artur"]
[Result "1-0"]
[WhiteElo "2061"]
[BlackElo "1922"]
[PlyCount "83"]
[EventDate "2018.05.01"]

1. e4 e5 2. Nf3 Nc6 3. Bc4 Bc5 4. c3 Nf6 5. d3 d6 6. O-O a6 7. a4 O-O 8. Nbd2
Be6 9. b4 Ba7 10. Qc2 Nh5 11. Nb3 Bxc4 12. dxc4 h6 13. b5 Nb8 14. c5 Bxc5 15.
Nxc5 dxc5 16. bxa6 Rxa6 17. Nxe5 Nf6 18. f3 Qe7 19. Nd3 Nbd7 20. Bf4 Rfa8 21.
Rfb1 Nb6 22. Be3 Nfd7 23. Nb2 Ne5 24. Qf2 Nbd7 25. c4 b6 26. Rd1 Nc6 27. Rd2
Nde5 28. Rad1 Qf6 29. h3 Kh7 30. f4 Ng6 31. Rd7 R6a7 32. e5 Qf5 33. R7d5 Nge7
34. R5d2 Nc8 35. Qf3 N8e7 36. Bf2 Ng6 37. Qxc6 Qxf4 38. Qf3 Qxe5 39. Re1 Qg5
40. Rd5 Nh4 41. Bxh4 Qxh4 42. Re4 1-0

[Event "Team B15 chess final 2018"]
[Site "Sochi"]
[Date "2018.05.03"]
[Round "3.4"]
[White "Lupolov, Boris"]
[Black "Pingin, Artem"]
[Result "0-1"]
[WhiteElo "1929"]
[BlackElo "1972"]
[PlyCount "60"]
[EventDate "2018.05.01"]

1. d4 d5 2. c4 e6 3. Nf3 c6 4. Nbd2 Nf6 5. e3 Nbd7 6. Bd3 Bd6 7. O-O O-O 8. e4
e5 9. cxd5 cxd5 10. exd5 exd4 11. Ne4 Nc5 12. Nxf6+ gxf6 13. Bh6 Re8 14. Bb5
Bd7 15. Bxd7 Qxd7 16. Qxd4 Ne4 17. b4 Qf5 18. Rae1 Qg6 19. Bc1 f5 20. Bb2 f6
21. Re2 Qh5 22. Rfe1 Rf8 23. h3 Rf7 24. a3 Rg7 25. Kh1 Rf8 26. Qxa7 Kh8 27.
Rxe4 fxe4 28. Rxe4 Qg6 29. Ng5 Qxg5 30. Rg4 Qxd5 0-1

[Event "Team B15 chess final 2018"]
[Site "Sochi"]
[Date "2018.05.03"]
[Round "3.1"]
[White "Kirushin, Ivan"]
[Black "Stukan, Martin"]
[Result "0-1"]
[WhiteElo "1800"]
[BlackElo "2213"]
[PlyCount "140"]
[EventDate "2018.05.01"]
[WhiteTeam "Ð¡Ð¨ÐžÐ  "]
[BlackTeam "Ð¡Ð¨ "]

1. e4 c5 2. Nf3 d6 3. d4 cxd4 4. Nxd4 Nf6 5. Nc3 Nc6 6. Bg5 e6 7. Qd2 a6 8.
O-O-O Bd7 9. f4 Be7 10. Be2 b5 11. Bf3 Rc8 12. Rhe1 h6 13. Bh4 b4 14. Nb1 Nxd4
15. Qxd4 Qc7 16. Rd2 Nxe4 17. Rxe4 Bxh4 18. Qxg7 Ke7 19. Bh5 Rhf8 20. Qg4 Bf6
21. Rxb4 d5 22. c3 Qc5 23. Rb7 Rb8 24. Rxb8 Rxb8 25. Qg3 Rb4 26. Qf2 d4 27. Rc2
Rb8 28. Be2 Qd5 29. Qf3 Qxa2 30. cxd4 Bxd4 31. Qa3+ Qxa3 32. Nxa3 Be3+ 33. Kb1
Bxf4 34. g3 Bd6 35. Nc4 Ba4 36. Rc3 Bb4 37. Rf3 f6 38. b3 Be8 39. Rf4 Bg6+ 40.
Kb2 a5 41. Rh4 Rh8 42. g4 Kf7 43. Bd1 Kg7 44. Bc2 Bf7 45. Rh3 h5 46. gxh5 Rxh5
47. Rxh5 Bxh5 48. Ne3 f5 49. Nxf5+ exf5 50. Bxf5 Kf6 51. Bd3 Kg5 52. Bc4 Kh4
53. Be6 Bg4 54. Bc4 Kh3 55. Bg8 Kxh2 56. Bd5 Kg3 57. Be4 Kf4 58. Bh7 Ke3 59.
Bg6 Kd2 60. Bh7 Be2 61. Bg6 Bd3 62. Bf7 Bc3+ 63. Ka3 Kc1 64. Bg8 Bb4+ 65. Ka4
Kb2 66. Be6 Kc3 67. Bf7 Kd4 68. Be6 Be4 69. Bd7 Bd5 70. Bb5 Kc3 0-1

[Event "Team B15 chess final 2018"]
[Site "Sochi"]
[Date "2018.05.03"]
[Round "3.2"]
[White "Tsvetkov, Andrey"]
[Black "Smelykh, Edvin"]
[Result "1-0"]
[WhiteElo "2216"]
[BlackElo "1937"]
[PlyCount "51"]
[EventDate "2018.05.01"]
[WhiteTeam "Ð¡Ð¨ "]
[BlackTeam "Ð¡Ð¨ÐžÐ  "]

1. d4 Nf6 2. c4 e6 3. Nc3 Bb4 4. e3 b6 5. Nge2 Bb7 6. a3 Be7 7. Qc2 c5 8. Nf4
Nc6 9. d5 Na5 10. Rb1 Rc8 11. e4 exd5 12. cxd5 Ng4 13. Be2 Ne5 14. Nh5 O-O 15.
f4 Ng6 16. O-O c4 17. f5 Ne5 18. f6 Bc5+ 19. Kh1 g6 20. Qd2 Re8 21. d6 Kh8 22.
Ng7 Rg8 23. Qh6 Qf8 24. Bg5 Rc6 25. Rf4 Rxd6 26. Qxh7+ 1-0

[Event "Team B15 chess final 2018"]
[Site "Sochi"]
[Date "2018.05.03"]
[Round "3.3"]
[White "Fridman, Roman A"]
[Black "Vasilyev, Alexey"]
[Result "0-1"]
[WhiteElo "1735"]
[BlackElo "2074"]
[PlyCount "98"]
[EventDate "2018.05.01"]
[WhiteTeam "Ð¡Ð¨ÐžÐ  "]
[BlackTeam "Ð¡Ð¨ "]

1. e4 c5 2. Nf3 e6 3. d4 cxd4 4. Nxd4 Nc6 5. Nc3 Qc7 6. Be2 a6 7. Be3 Nf6 8.
O-O Bb4 9. Na4 Rb8 10. a3 Be7 11. Nc3 O-O 12. f4 d6 13. Qe1 Nxd4 14. Bxd4 e5
15. Be3 Be6 16. f5 Bc4 17. Kh1 d5 18. Bxc4 Qxc4 19. exd5 Nxd5 20. Nxd5 Qxd5 21.
Qg3 Kh8 22. Rad1 Qb5 23. Rf3 Qxb2 24. Rdf1 Qxc2 25. Qg4 Rbc8 26. Rg3 Bf6 27.
Rh3 Qc4 28. Qd1 Rfd8 29. Qf3 e4 30. Qf2 Rd3 31. Rg1 Qb3 32. Qf4 Re8 33. g4 Bd4
34. Bxd4 Rxh3 35. Bxg7+ Kxg7 36. Qg5+ Kf8 37. f6 Rc8 38. Qg7+ Ke8 39. Qg5 Rd8
40. Qe5+ Qe6 41. Qb2 Rb3 42. Qf2 e3 43. Qe2 Qe4+ 44. Qg2 Qxg2+ 45. Kxg2 Rd2+
46. Kf3 e2+ 47. Kf2 e1=Q+ 48. Kxe1 Ra2 49. Rg3 Rb1# 0-1

[Event "Team B15 chess final 2018"]
[Site "Sochi"]
[Date "2018.05.03"]
[Round "3.4"]
[White "Dunaev, Denis"]
[Black "Gaer, Margarita"]
[Result "1-0"]
[WhiteElo "1823"]
[BlackElo "1661"]
[PlyCount "83"]
[EventDate "2018.05.01"]
[WhiteTeam "Ð¡Ð¨ "]
[BlackTeam "Ð¡Ð¨ÐžÐ  "]

1. d4 e6 2. c4 d5 3. Nc3 f5 4. Bf4 c6 5. e3 Nf6 6. Bd3 Bd6 7. Bxd6 Qxd6 8. Qc2
O-O 9. Nge2 Nbd7 10. O-O Ng4 11. Ng3 dxc4 12. Bxc4 h5 13. Rfe1 Nb6 14. Bb3 h4
15. Nf1 Kh8 16. f3 Nf6 17. Qf2 g5 18. e4 e5 19. dxe5 Qxe5 20. exf5 Qxf5 21.
Rad1 Bd7 22. Bc2 Qf4 23. Rd4 Qc7 24. Re7 Rae8 25. Rxh4+ Kg8 26. Bb3+ Nbd5 27.
Nxd5 cxd5 28. Rxe8 Rxe8 29. Rd4 Qe5 30. Rd2 Bb5 31. Qg3 Qf5 32. Bc2 Ne4 33.
Bxe4 dxe4 34. Ne3 Qc5 35. f4 Rf8 36. Qxg5+ Qxg5 37. fxg5 Bd3 38. h3 Kg7 39. Kh2
Kg6 40. h4 Kh5 41. Kg3 Rf7 42. Rf2 1-0

[Event "Team B15 chess final 2018"]
[Site "Sochi"]
[Date "2018.05.03"]
[Round "3.1"]
[White "Tsybulkin, Ivan"]
[Black "Mochalin, Faddey"]
[Result "1/2-1/2"]
[WhiteElo "1814"]
[BlackElo "2077"]
[PlyCount "90"]
[EventDate "2018.05.01"]

1. d4 d5 2. c4 e6 3. Nf3 Nf6 4. g3 dxc4 5. Bg2 a6 6. O-O Nc6 7. e3 Bd7 8. Qe2
b5 9. b3 cxb3 10. axb3 Be7 11. Bb2 O-O 12. Rc1 Nb4 13. Ne5 Nfd5 14. Nc3 Rb8 15.
Nxd5 exd5 16. Bc3 Rb6 17. Bxb4 Bxb4 18. Bxd5 Bc8 19. Bg2 Bd6 20. Nd3 Re8 21.
Nc5 Bf8 22. Ra2 g6 23. Qc2 h5 24. Rca1 h4 25. Nxa6 h3 26. Bh1 Bxa6 27. Rxa6
Rxa6 28. Rxa6 Qxd4 29. Bc6 Re6 30. Bg2 Qe5 31. Rxe6 Qxe6 32. Bc6 Qe5 33. Qd3 b4
34. Bf3 Qa1+ 35. Qd1 Qc3 36. Bg4 c5 37. Be2 Bh6 38. Bc4 Bg5 39. Qf1 Bxe3 40.
fxe3 Qxe3+ 41. Qf2 Qc1+ 42. Qf1 Qe3+ 43. Qf2 Qc1+ 44. Qf1 Qe3+ 45. Qf2 Qc1+
1/2-1/2

[Event "Team B15 chess final 2018"]
[Site "Sochi"]
[Date "2018.05.03"]
[Round "3.2"]
[White "Bobkov, Vadim"]
[Black "Bratov, Ademir"]
[Result "1-0"]
[WhiteElo "1933"]
[BlackElo "1627"]
[PlyCount "127"]
[EventDate "2018.05.01"]

1. d4 f5 2. Nc3 Nf6 3. Bg5 e6 4. e4 fxe4 5. Nxe4 Be7 6. Bxf6 Bxf6 7. Qh5+ g6 8.
Qh6 d5 9. Nxf6+ Qxf6 10. Nf3 Nc6 11. Bb5 Bd7 12. Bxc6 Bxc6 13. O-O-O O-O-O 14.
Kb1 Bb5 15. Rhe1 b6 16. Re3 Rde8 17. Rde1 Re7 18. h4 Qf7 19. Qg5 h6 20. Qg3 Qf6
21. Ne5 Be8 22. Rf3 Qg7 23. Qg4 g5 24. h5 Rf8 25. g3 Kb7 26. Ree3 Rf5 27. Rxf5
exf5 28. Qxf5 Bxh5 29. b3 Be8 30. g4 Bd7 31. Qf3 c6 32. Qg3 Qf6 33. Rf3 Qe6 34.
Rf8 c5 35. Rb8+ Ka6 36. c3 Qd6 37. Rg8 cxd4 38. cxd4 Qb4 39. Qd3+ Kb7 40. Kb2
Bb5 41. Qe3 Qd6 42. f3 a6 43. Qd2 Be8 44. Qc2 Rc7 45. Qd3 Bb5 46. Qd2 a5 47.
Rg6 Qf8 48. a3 a4 49. bxa4 Bxa4 50. Qb4 Qxb4+ 51. axb4 Rc2+ 52. Ka3 b5 53. Rxh6
Rd2 54. Rg6 Rxd4 55. Rxg5 Rd1 56. Rg7+ Kb6 57. g5 d4 58. Rd7 Bc2 59. g6 Bf5 60.
g7 Rg1 61. Kb2 Rb1+ 62. Ka2 Rg1 63. Ng4 Bxg4 64. g8=Q 1-0

[Event "Team B15 chess final 2018"]
[Site "Sochi"]
[Date "2018.05.03"]
[Round "3.3"]
[White "Druchenko, Mikhail"]
[Black "Petrovsky, Nikita"]
[Result "0-1"]
[WhiteElo "1822"]
[BlackElo "1880"]
[PlyCount "68"]
[EventDate "2018.05.01"]

1. e4 c5 2. Nf3 d6 3. b3 Nf6 4. e5 dxe5 5. Nxe5 a6 6. Nc3 Nbd7 7. Nf3 e5 8. Bb2
Bd6 9. Bd3 O-O 10. O-O Qc7 11. Re1 Re8 12. h3 b6 13. Ne4 Nxe4 14. Bxe4 Bb7 15.
d3 g6 16. g4 f6 17. Qe2 Nf8 18. c3 Ne6 19. Bc1 Rad8 20. Kg2 b5 21. Nh4 Nf4+ 22.
Bxf4 exf4 23. Qf3 Bxe4 24. dxe4 Be5 25. Rac1 c4 26. Red1 Rxd1 27. Qxd1 Rd8 28.
Qc2 Rd3 29. Qb2 Qc6 30. f3 Qd6 31. Kh1 Rd2 32. Qb1 Bxc3 33. bxc4 Rb2 34. Qa1
Qd2 0-1

[Event "Team B15 chess final 2018"]
[Site "Sochi"]
[Date "2018.05.03"]
[Round "3.4"]
[White "Leukhin, Artem"]
[Black "Smekalov, Alexei"]
[Result "0-1"]
[WhiteElo "1656"]
[BlackElo "1486"]
[PlyCount "102"]
[EventDate "2018.05.01"]

1. e4 c5 2. Nf3 Nc6 3. c3 d5 4. exd5 Qxd5 5. d4 Bg4 6. Be2 cxd4 7. cxd4 e6 8.
Nc3 Qa5 9. O-O Nf6 10. Be3 Be7 11. a3 O-O 12. h3 Bh5 13. Qd2 Nd5 14. b4 Qd8 15.
Rac1 Rc8 16. Rfd1 Kh8 17. Na4 Qd6 18. Nc5 b6 19. Ne4 Qd7 20. Ng3 Bg6 21. Ba6
Rc7 22. Bf4 Nxf4 23. Qxf4 f6 24. Ne4 Bxe4 25. Qxe4 Nd8 26. Qe3 Bd6 27. Rxc7
Bxc7 28. Rc1 Nf7 29. Qc3 Bf4 30. Qc6 Qxc6 31. Rxc6 e5 32. g3 e4 33. gxf4 exf3
34. d5 Kg8 35. Kh2 Nh6 36. Rc7 Rd8 37. Rxa7 Kf8 38. Bc4 Nf5 39. a4 Nd6 40. Bb3
Ne4 41. b5 Nxf2 42. Kg3 Ne4+ 43. Kh2 Nd2 44. Bd1 f2 45. Be2 f1=Q 46. Bxf1 Nxf1+
47. Kg2 Ne3+ 48. Kf3 Nxd5 49. Ke4 Ne7 50. Rb7 f5+ 51. Ke5 Kf7 0-1

[Event "Team B15 chess final 2018"]
[Site "Sochi"]
[Date "2018.05.03"]
[Round "3.1"]
[White "Sargsyan, Anatoly"]
[Black "Kuznetsov, Sergey"]
[Result "1-0"]
[WhiteElo "1650"]
[BlackElo "1708"]
[PlyCount "109"]
[EventDate "2018.05.01"]

1. d4 e6 2. Bf4 f5 3. Nf3 Nf6 4. c4 d6 5. Nc3 Be7 6. h3 O-O 7. e3 Ne4 8. Qc2
Nxc3 9. bxc3 Bf6 10. g4 Nc6 11. gxf5 e5 12. dxe5 dxe5 13. Bg3 e4 14. Rd1 Qe7
15. Nd4 Bxd4 16. cxd4 Bxf5 17. c5 Kh8 18. Qc3 a5 19. a3 Qf6 20. Qb2 b6 21. cxb6
cxb6 22. Qxb6 Ne5 23. Qxf6 Nf3+ 24. Ke2 Rxf6 25. Bg2 Bc8 26. Bxf3 exf3+ 27. Kd2
Bf5 28. Bc7 Ra7 29. Rc1 a4 30. Be5 Rf8 31. Bd6 Rd8 32. Bb4 Ra6 33. Rc5 g6 34.
h4 h6 35. h5 Kg7 36. Rc7+ Rd7 37. Rxd7+ Bxd7 38. e4 Re6 39. Re1 g5 40. d5 Re8
41. e5 Bf5 42. Kc3 g4 43. Kd4 Kf7 44. Rc1 Rc8 45. e6+ Kg7 46. Rxc8 g3 47. fxg3
f2 48. Rc1 Bh3 49. d6 Bxe6 50. Rf1 Bd7 51. Rxf2 Be6 52. Ke5 Bd7 53. Rf6 Bc8 54.
Rf8 Bd7 55. Rd8 1-0

[Event "Team B15 chess final 2018"]
[Site "Sochi"]
[Date "2018.05.03"]
[Round "3.2"]
[White "Matushchak, Nikita"]
[Black "Kamaev, Dzhabrail"]
[Result "1/2-1/2"]
[WhiteElo "1737"]
[BlackElo "1956"]
[PlyCount "121"]
[EventDate "2018.05.01"]

1. e4 e5 2. Nf3 Nc6 3. d4 exd4 4. Bc4 Nf6 5. e5 d5 6. Bb5 Ne4 7. Nxd4 Bd7 8.
Bxc6 bxc6 9. O-O Bc5 10. f3 Ng5 11. f4 Ne4 12. Be3 O-O 13. Nd2 Nxd2 14. Qxd2
Bb6 15. Rae1 c5 16. Ne2 d4 17. Bf2 Bc6 18. f5 Re8 19. Bg3 c4 20. Kh1 Qd5 21.
Nf4 Qb5 22. Nh5 f6 23. exf6 Rxe1 24. Qxe1 Re8 25. Qd1 Qd5 26. Nf4 Qxf5 27. fxg7
Qe4 28. Re1 Qf5 29. Rxe8+ Bxe8 30. Qe2 Bf7 31. h3 Kxg7 32. b3 d3 33. cxd3 Qc5
34. Bh2 cxb3 35. Qb2+ Kf8 36. axb3 Bxb3 37. Qh8+ Ke7 38. Qxh7+ Kd8 39. Qh8+ Kd7
40. Qh7+ Kc8 41. Ne2 Qf2 42. Qe4 a5 43. Bg1 Qe1 44. Qg4+ Kb8 45. Kh2 Bxg1+ 46.
Nxg1 Qe5+ 47. Kh1 Qc3 48. Qe4 a4 49. Qe8+ Kb7 50. Qe4+ Qc6 51. Qb4+ Qb6 52.
Qe4+ Ka7 53. Ne2 a3 54. Nc1 a2 55. Qe5 Bd5 56. h4 Qb1 57. Qxc7+ Ka8 58. Qc8+
Ka7 59. Qc7+ Ka8 60. Qc8+ Ka7 61. Qc7+ 1/2-1/2

[Event "Team B15 chess final 2018"]
[Site "Sochi"]
[Date "2018.05.03"]
[Round "3.3"]
[White "Kalaychev, Nodis"]
[Black "Derevschikov, Nikita"]
[Result "0-1"]
[WhiteElo "1525"]
[BlackElo "1593"]
[PlyCount "74"]
[EventDate "2018.05.01"]

1. d4 g6 2. Nf3 Bg7 3. Nc3 d6 4. e4 a6 5. Bf4 Nd7 6. Qd2 b5 7. a3 Bb7 8. Bd3 c5
9. d5 Rc8 10. Rb1 Ngf6 11. Bh6 O-O 12. h4 c4 13. Be2 Qb6 14. Ng1 e6 15. Bf3
exd5 16. exd5 Rfe8+ 17. Nge2 Ne5 18. Be3 Qc7 19. Nd4 Nxf3+ 20. Nxf3 Ng4 21. Ne2
Nxe3 22. fxe3 Qc5 23. Ned4 Bxd5 24. Kf2 Re7 25. Rhe1 Rce8 26. c3 Bxf3 27. gxf3
Qh5 28. e4 Qxh4+ 29. Ke2 Bh6 30. Qc2 d5 31. Rh1 Qf4 32. Rbg1 dxe4 33. Rg4 exf3+
34. Kd1 Qxg4 35. Qh2 f2+ 36. Kc2 Qe4+ 37. Kd1 Qb1# 0-1

[Event "Team B15 chess final 2018"]
[Site "Sochi"]
[Date "2018.05.03"]
[Round "3.1"]
[White "Balayan, Eduard"]
[Black "Kopylov, Artem"]
[Result "0-1"]
[WhiteElo "1387"]
[BlackElo "1696"]
[PlyCount "158"]
[EventDate "2018.05.01"]

1. e4 c5 2. Nf3 e6 3. d4 cxd4 4. Nxd4 Nf6 5. Nc3 d6 6. Be2 Be7 7. Be3 O-O 8.
O-O Nc6 9. f4 a6 10. a4 Qc7 11. Kh1 Nxd4 12. Bxd4 e5 13. Be3 exf4 14. Rxf4 Be6
15. Qe1 Nd7 16. Qg3 Ne5 17. Bd3 Rfe8 18. Bd4 Bf8 19. Raf1 Rad8 20. h4 Qb8 21.
h5 h6 22. Nd5 Bxd5 23. exd5 Rd7 24. Qh3 Nxd3 25. cxd3 Qd8 26. Rg4 Re5 27. Bxe5
dxe5 28. Qe3 Kh8 29. Qe4 f6 30. d6 Bxd6 31. Rg6 Bc5 32. Qc4 b6 33. g3 Rd4 34.
Qf7 Qd5+ 35. Qxd5 Rxd5 36. Rg4 a5 37. Rf3 Bd4 38. Re4 Rc5 39. Re2 Rc1+ 40. Kg2
Ra1 41. Rf1 Rxa4 42. Rc1 Bc5 43. Rec2 Rb4 44. Kf3 Rb5 45. Kg4 Kg8 46. Ra1 Rb4+
47. Kf3 Rd4 48. Rc3 Kf7 49. Rb3 Ke6 50. Rc1 Kd5 51. Ke2 Bb4 52. Rc4 b5 53.
Rbxb4 bxc4 54. Rb5+ Kc6 55. dxc4 Rxc4 56. Rxa5 Rc2+ 57. Kf3 Rxb2 58. Ra6+ Rb6
59. Ra8 Rb7 60. Rc8+ Kd5 61. Rd8+ Ke6 62. Re8+ Kf5 63. Ra8 e4+ 64. Ke3 Re7 65.
Ra5+ Kg4 66. Ra1 Kxh5 67. Ra5+ Kg4 68. Ra1 f5 69. Ra6 Kg5 70. Rb6 Rd7 71. Ke2
Rd3 72. Rb7 g6 73. Kf2 Rd2+ 74. Kg1 Kg4 75. Rg7 Kf3 76. Ra7 Rd1+ 77. Kh2 e3 78.
g4 e2 79. Ra3+ Kf4 0-1

[Event "Team B15 chess final 2018"]
[Site "Sochi"]
[Date "2018.05.03"]
[Round "3.2"]
[White "Kuznetsova, Olga"]
[Black "Korobchenko, Yuri"]
[Result "1-0"]
[WhiteElo "1439"]
[BlackElo "1470"]
[PlyCount "131"]
[EventDate "2018.05.01"]

1. e4 c6 2. d4 d5 3. Nc3 dxe4 4. Nxe4 Nd7 5. Ng5 Ngf6 6. Bc4 e6 7. Ne2 h6 8.
Nf3 Nb6 9. Bd3 Bd6 10. Bf4 Nbd5 11. Bxd6 Qxd6 12. Ne5 b6 13. a3 Bb7 14. c4 Ne7
15. Nc3 a6 16. Ne4 Nxe4 17. Bxe4 O-O 18. O-O Rad8 19. Nf3 f5 20. Bc2 c5 21.
dxc5 Qxc5 22. Qe2 Rf6 23. b4 Qc6 24. b5 axb5 25. cxb5 Qe8 26. Ne5 Ng6 27. Nxg6
Rxg6 28. f3 Rg5 29. Bb3 Bd5 30. Bxd5 Rxd5 31. a4 Rh5 32. Rfe1 Rd6 33. Rad1 Rxd1
34. Rxd1 Rh4 35. Rd6 e5 36. Qa2+ Kh7 37. Qe6 Qxe6 38. Rxe6 Rxa4 39. Rxe5 Rb4
40. Rxf5 g6 41. Rd5 Kg7 42. Rd7+ Kf8 43. Rd6 Rxb5 44. Rxg6 h5 45. h4 Kf7 46.
Rg5 Rb1+ 47. Kh2 b5 48. Rxh5 b4 49. Rb5 Kg6 50. f4 Rb2 51. f5+ Kf6 52. Kh3 b3
53. g3 Rb1 54. Kg4 b2 55. h5 Kg7 56. Rb6 Kf7 57. h6 Rh1 58. Rxb2 Rxh6 59. Rb7+
Kf8 60. Kg5 Ra6 61. g4 Ra5 62. Kg6 Ra4 63. g5 Ra6+ 64. f6 Ke8 65. Kg7 Ra1 66.
f7+ 1-0

[Event "Team B15 chess final 2018"]
[Site "Sochi"]
[Date "2018.05.03"]
[Round "3.3"]
[White "Zhugin, Nikolay"]
[Black "Kuznetsova, Yulia"]
[Result "1-0"]
[WhiteElo "1352"]
[BlackElo "1319"]
[PlyCount "91"]
[EventDate "2018.05.01"]

1. c4 c5 2. g3 g6 3. Bg2 Bg7 4. e3 e6 5. Ne2 Ne7 6. O-O O-O 7. Nbc3 Nbc6 8. d4
cxd4 9. Nxd4 e5 10. Ndb5 a6 11. Nd6 Qc7 12. b3 Kh8 13. Bb2 f5 14. Na4 b6 15.
Rc1 Bb7 16. c5 bxc5 17. Nxb7 Qxb7 18. Nxc5 Qc7 19. Qxd7 Qxd7 20. Nxd7 Rfd8 21.
Rfd1 e4 22. Bxg7+ Kxg7 23. f3 Ra7 24. Nc5 Rxd1+ 25. Rxd1 exf3 26. Bxf3 Ne5 27.
Be2 a5 28. Rd6 N5c6 29. Ne6+ Kf7 30. Nd4 Nb4 31. a3 Nbd5 32. Bc4 Rc7 33. Bxd5+
Nxd5 34. Rxd5 Rc1+ 35. Kf2 Ra1 36. Rxa5 g5 37. Rxf5+ Kg6 38. Ra5 g4 39. b4 Rh1
40. Kg2 Rb1 41. Ne2 Rb2 42. Kf2 Rb1 43. b5 Kf5 44. b6+ Ke6 45. Nd4+ Kf6 46. Rb5
1-0

[Event "Team B15 chess final 2018"]
[Site "Sochi"]
[Date "2018.05.03"]
[Round "3.4"]
[White "Komaev, Tamerlan"]
[Black "Pashinin, Maxim"]
[Result "0-1"]
[WhiteElo "1184"]
[BlackElo "1248"]
[PlyCount "96"]
[EventDate "2018.05.01"]

1. e4 c5 2. Nf3 Nc6 3. d4 cxd4 4. Nxd4 Nf6 5. f3 e5 6. Nb3 h6 7. Nc3 Bb4 8. Be3
d5 9. exd5 Nxd5 10. Bd2 Nxc3 11. Bxc3 Bxc3+ 12. bxc3 O-O 13. Qxd8 Rxd8 14. Bc4
Bf5 15. Rc1 a5 16. Nc5 b6 17. Nd3 Rab8 18. a4 e4 19. fxe4 Bxe4 20. Kf2 Bxd3 21.
Bxd3 Ne5 22. Ke3 Rbc8 23. Kd2 Rd5 24. Rb1 Rcd8 25. Rhd1 Nxd3 26. cxd3 Rxd3+ 27.
Kc2 Rxd1 28. Rxd1 Rxd1 29. Kxd1 f5 30. Ke2 Kf7 31. Kd3 Ke6 32. Kd4 g5 33. g3 h5
34. c4 h4 35. gxh4 gxh4 36. h3 Kf6 37. Ke3 Ke5 38. Kf3 f4 39. Ke2 Ke4 40. Kf1
f3 41. Ke1 Ke3 42. Kf1 f2 43. c5 bxc5 44. Kg2 c4 45. Kf1 c3 46. Kg2 c2 47. Kf1
c1=Q+ 48. Kg2 Qg1# 0-1

[Event "Team B15 chess final 2018"]
[Site "Sochi"]
[Date "2018.05.04"]
[Round "4.1"]
[White "Kharitonov, Egor"]
[Black "Grachev, Alexey"]
[Result "0-1"]
[WhiteElo "2045"]
[BlackElo "2220"]
[PlyCount "132"]
[EventDate "2018.05.01"]

1. d4 d5 2. c4 c6 3. Nf3 Nf6 4. e3 g6 5. Bd3 Bg7 6. O-O O-O 7. Nbd2 Nbd7 8. b3
c5 9. Bb2 b6 10. Qe2 Bb7 11. Rfd1 e6 12. Rac1 cxd4 13. Bxd4 Rc8 14. cxd5 Bxd5
15. Ba6 Rxc1 16. Rxc1 Qb8 17. e4 e5 18. Nxe5 Nxe5 19. exd5 Nxd5 20. Qe4 Nc7 21.
Bxe5 Bxe5 22. Qxe5 Nxa6 23. Qxb8 Rxb8 24. Kf1 Rd8 25. Ke2 Nb4 26. a3 Nd3 27.
Rc2 Nf4+ 28. Kf3 Ne6 29. Ke3 Nd4 30. Rc4 Nf5+ 31. Ke2 Nd6 32. Rc7 Nb5 33. Re7
Nd4+ 34. Ke1 a6 35. f3 Nc2+ 36. Ke2 Nxa3 37. Ne4 Nb5 38. Ke3 Nd6 39. Nxd6 Rxd6
40. Ra7 a5 41. Rb7 Kg7 42. g4 h6 43. h4 g5 44. hxg5 hxg5 45. Ke4 Kf6 46. Rb8
Rc6 47. Kd5 Rc5+ 48. Kd4 Rb5 49. Kc3 Rb4 50. Rb7 Ke6 51. Rb8 f6 52. Re8+ Kd6
53. Re3 Rb5 54. Re8 Re5 55. Rd8+ Kc5 56. Rc8+ Kd6 57. Rd8+ Kc6 58. Kd4 Re6 59.
Rf8 Kd6 60. Rb8 Kd7 61. Rb7+ Kc6 62. Rf7 Rd6+ 63. Kc3 Kd5 64. Re7 Re6 65. Rd7+
Kc5 66. Rd3 Re2 0-1

[Event "Team B15 chess final 2018"]
[Site "Sochi"]
[Date "2018.05.04"]
[Round "4.2"]
[White "Ponomarev, Grigori"]
[Black "Kuzmin, Roman"]
[Result "0-1"]
[WhiteElo "2225"]
[BlackElo "1950"]
[PlyCount "118"]
[EventDate "2018.05.01"]

1. e4 e5 2. Nf3 Nc6 3. Bc4 Nf6 4. d3 Bc5 5. O-O a6 6. a4 d6 7. c3 Ba7 8. Nbd2
O-O 9. h3 h6 10. Re1 Re8 11. Nf1 d5 12. exd5 Nxd5 13. Ng3 Be6 14. Qc2 Qf6 15.
Qe2 Qg6 16. Bxd5 Bxd5 17. Be3 Nd4 18. Bxd4 exd4 19. Qxe8+ Rxe8 20. Rxe8+ Kh7
21. Ne5 Qb6 22. c4 Qxb2 23. Re1 Be6 24. f4 Qd2 25. Rf1 b5 26. axb5 axb5 27. f5
Qe3+ 28. Kh2 Qxe5 29. fxe6 fxe6 30. cxb5 Qxb5 31. Rff8 Qe5 32. h4 Bc5 33. Rf5
Qd6 34. Rf7 Qc6 35. Rd8 Bd6 36. Rdd7 Be5 37. Kh3 Qc1 38. Rf1 Qe3 39. Rf3 Qe1
40. Kh2 c5 41. h5 Bxg3+ 42. Rxg3 Qe5 43. Rdxg7+ Qxg7 44. Rxg7+ Kxg7 45. Kg3 Kg8
46. Kg4 Kf7 47. Kf3 Ke7 48. Ke4 Kd6 49. Kf4 Kd5 50. Kf3 c4 51. dxc4+ Kxc4 52.
Ke2 Kd5 53. Kf3 e5 54. g3 e4+ 55. Kf4 e3 56. Kf3 Ke5 57. g4 Kf6 58. Ke2 Kg5 59.
Kf3 Kh4 0-1